Zgadnij państwo po słowach hymnu - Dla Ignacego - Statystyki

Ogólne statystyki
  • Ten quiz został rozwiązany 625 razy
  • Średni wynik to 6 z 10
Statystyki odpowiedzi
Hint Odpowiedź % Poprawnych
Już tam ojciec do swej Basi Mówi zapłakany... Polska
99%
Boże, chroń naszą miłościwą królową! Niech długo żyje nasza dostojna królowa! Wielka Brytania
87%
Nad Tatrami błyska się, gromy dziko biją... Słowacja
78%
Nie martw się, półksiężycu, bo gotów jestem się poświęcić dla ciebie... Turcja
73%
Chwała Ci, nasza wolna ojczyzno, Prastary związku bratnich narodów... Rosja
66%
Do broni bracia dziś! Zawrzyjcie szeregi wraz! I marsz, i marsz! By ziemię krwią napoić, przyszedł czas! Francja
57%
Jedność i prawo i wolność. Są gwarancją szczęścia. Kwitnij w blasku tego szczęścia. Kwitnij, ........ ojczyzno Niemcy
50%
Krew ...... Krew polską pił wraz z kozakiem. Lecz wypaliła mu serce. Zawrzyjmy szeregi. Gotowi na śmierć! Włochy
50%
Północny, prastara ożywcza jak zdrój. Radosna spokojna w górskiej szacie... Szwecja
44%
Gdzie jest mój dom, Gdzie jest mój dom? Woda huczy wśród łąk, bory szumią wśród skał... Czechy
41%
Nie znaleziono quizów pasujących do podanych kryteriów
Rozkład punktacji
Procent ludzi z każdym wynikiem
Percentyl według liczby udzielonych odpowiedzi
Twoja historia wyników
Nie rozwiązałeś tego quizu